Poistenie zahraničných rizík
Salvato in:
| Autore principale: | |
|---|---|
| Ente Autore: | |
| Natura: | Libro |
| Lingua: | slovacco |
| Pubblicazione: |
Bratislava
Vydavateľstvo Ekonóm
2000
|
| Soggetti: | |
| Tags: |
Nessun Tag, puoi essere il primo ad aggiungerne!!
|
MARC
| LEADER | 00000nam a2200000 4500 | ||
|---|---|---|---|
| 001 | c117414 | ||
| 005 | 20221123133314.9 | ||
| 020 | |a 80-225-1236-2 | ||
| 041 | 0 | |a slo | |
| 044 | |a SK | ||
| 245 | 1 | 0 | |a Poistenie zahraničných rizík |c Barbora Drugdová |
| 264 | 1 | |a Bratislava |b Vydavateľstvo Ekonóm |c 2000 | |
| 300 | |a 165 s. | ||
| 610 | 2 | 0 | |a poistenie |
| 610 | 2 | 0 | |a riziko |
| 610 | 2 | 0 | |a poistenie zahraničné |
| 610 | 2 | 0 | |a poistenie dopravné |
| 610 | 2 | 0 | |a poistenie úverové |
| 610 | 2 | 0 | |a eximbanky |
| 610 | 2 | 0 | |a riziko obchodné |
| 610 | 2 | 0 | |a priemysel palivovo-energetický |
| 610 | 2 | 0 | |a energia atómová |
| 610 | 2 | 0 | |a poistenie vozidiel motorových |
| 610 | 2 | 0 | |a poistenie cestovné |
| 610 | 2 | 0 | |a poistenie zodpovednostné |
| 610 | 2 | 0 | |a zaistenie |
| 100 | 1 | |a Drugdová, Barbora | |
| 710 | 2 | |a Ekonomická univerzita v Bratislave. Národohospodárska fakulta | |